Zabijáci inovace

Problémy úspešnej inovácie. Nevhodné používanie troch nástrojov finančnej analýzy. Chybné použitie DCF a NPV. Chybné používanie fixných a utopených nákladov. Sústredenie sa na krátkodobý výnos na akciu. Principal-agent theory.

Guardado en:
Detalles Bibliográficos
Formato: Capítulo de libro
Lenguaje:checo
Materias:
Etiquetas: Agregar Etiqueta
Sin Etiquetas, Sea el primero en etiquetar este registro!

MARC

LEADER 00000naa$a2200000$$$4500
001 0072738
005 20231213141313.4
041 0 |a cze 
044 |a CZ 
245 1 0 |a Zabijáci inovace 
520 |a Problémy úspešnej inovácie. Nevhodné používanie troch nástrojov finančnej analýzy. Chybné použitie DCF a NPV. Chybné používanie fixných a utopených nákladov. Sústredenie sa na krátkodobý výnos na akciu. Principal-agent theory. 
610 2 0 |a inovácia 
610 2 0 |a zákazníci 
610 2 0 |a firmy 
610 2 0 |a náklady 
610 2 0 |a manažéri 
610 2 0 |a akcionári